000 01038nas a2200301 4500
001 BR7802907
003 BR-BrBNA
005 20231205083425.0
007 ta
008 230509b bl.|||p| |||| 00| 00por d
040 _aBR-BrBNA
_bpor
_cBiblioteca Nacional de Agricultura
041 _a(Es)
072 _aH20
100 1 _aMontes, R.
100 1 _aRam, A.
100 1 _aMedeiros, A.G.
245 1 _aComportamiento fisiologico de aislamientos de Phytophthora palmivora (Butl)Butl. provenientes de frutos de cacao y Phytophthora cactorum (Lebert y Conh)Schoeter obtenidos en suelos y raices de plantas de cacao [Theobroma cacao, Espirito Santo, Bahia, Brasil]
650 _aDOENCA DE PLANTA
650 _aCACAU
650 _aFUNGO
650 _aPODRIDAO PARDA
650 _aESPIRITO SANTO
650 _aBAHIA
773 0 _tRevista Theobroma (Brazil)
_xISSN 0370-7962
_g(Oct 1977), v. 7(4) p. 133-144
_wBR7802907
856 4 0 _dLink DSPACE/MAPA BR7802907
909 _a202311
_bLúcia
_c55
_dLúcia Elande
942 _2AGRIS
_n0
_cANA
999 _c98657
_d98657